<?xml version="1.0" encoding="UTF-8"?>
<marc:record xmlns:marc="http://www.loc.gov/MARC21/slim">
   <marc:leader>00000nam a2200000 a 4500</marc:leader>
   <marc:datafield ind1="1" ind2=" " tag="100">
      <marc:subfield code="a">Städing, Sabine</marc:subfield>
      <marc:subfield code="4">aut</marc:subfield>
      <marc:subfield code="e">Verfasser/-in</marc:subfield>
   </marc:datafield>
   <marc:datafield ind1="0" ind2="0" tag="245">
      <marc:subfield code="a">Petronella Apfelmus</marc:subfield>
   </marc:datafield>
   <marc:datafield ind1=" " ind2="1" tag="264">
      <marc:subfield code="b">Baumhaus</marc:subfield>
      <marc:subfield code="c">2025</marc:subfield>
   </marc:datafield>
   <marc:datafield ind1="1" ind2=" " tag="520">
      <marc:subfield code="a">Was ist denn da los im Apfelgarten? Eine Gruppe seltsamer Forscher hat nicht weit von Petronellas Baum ein Zeltlager aufgeschlagen. Sie wollen im Haspelwald magische Wesen fangen. Als wäre das nicht schon Aufregung genug, verschwinden plötzlich auch noch einige wertvolle Dinge aus der Mühle. Und ausgerechnet Papa Kuchenbrand gerät in Verdacht, der Dieb zu sein. Nun ist detektivischer Spürsinn gefragt! Zusammen mit den Apfelmännchen fangen die Zwillinge an, zu ermitteln. Und sind froh, als bald auch Hexenfreundin Petronella zur Hilfe eilt....</marc:subfield>
   </marc:datafield>
   <marc:datafield ind1=" " ind2=" " tag="020">
      <marc:subfield code="a">9783833910562</marc:subfield>
      <marc:subfield code="9">9783833910562</marc:subfield>
   </marc:datafield>
</marc:record>
